=LDR 00000nam 2200000 4500 =001 INLIS000000000012781 =005 20130612104253 =008 ***********************************Ind** =035 ##$$0010-061300000012781 =041 ##$$a Ind =082 ##$$a 615.5 =090 ##$$a 615.5, Jul b =100 ##$$a Julich, Ivan =245 ##$$a Batas-batas pengobatan perampasan hak untuk sehat, Ivan Julich ; Penerjemah, Aminudin Prakkosi =260 ##$$a 1995 $b Jakarta =300 ##$$a xx,344 hlm., 21 cm =650 ##$$a Terapi fisik =700 ##$$a Parakkasi, Aminuddin =850 ##$$a NBPNMAT